Report of the Managing Director to the Board of Governors and to the Executive Board Pursuant to Article XVIII, Section 4(c).

This report is submitted pursuant to the provisions of the Articles of Agreement regarding a general allocation or cancellation of Special Drawing Rights (SDR) for the Twelfth Basic Period that begins on January 1, 2022. The Articles of Agreement provide for periodic consideration and decisions on S...

Ful tanımlama

Detaylı Bibliyografya
Müşterek Yazar: International Monetary Fund
Materyal Türü: Dergi
Dil:English
Baskı/Yayın Bilgisi: Washington, D.C. : International Monetary Fund, 2021.
Seri Bilgileri:Policy Papers; Policy Paper ; No. 2021/051
Konular:
Online Erişim:Full text available on IMF
LEADER 02054cas a2200265 a 4500
001 AALejournalIMF021876
008 230101c9999 xx r poo 0 0eng d
020 |c 5.00 USD 
020 |z 9781513587059 
022 |a 2663-3493 
040 |a BD-DhAAL  |c BD-DhAAL 
110 2 |a International Monetary Fund. 
245 1 0 |a Report of the Managing Director to the Board of Governors and to the Executive Board Pursuant to Article XVIII, Section 4(c). 
264 1 |a Washington, D.C. :  |b International Monetary Fund,  |c 2021. 
300 |a 1 online resource (2 pages) 
490 1 |a Policy Papers 
500 |a <strong>Off-Campus Access:</strong> No User ID or Password Required 
500 |a <strong>On-Campus Access:</strong> No User ID or Password Required 
506 |a Electronic access restricted to authorized BRAC University faculty, staff and students 
520 3 |a This report is submitted pursuant to the provisions of the Articles of Agreement regarding a general allocation or cancellation of Special Drawing Rights (SDR) for the Twelfth Basic Period that begins on January 1, 2022. The Articles of Agreement provide for periodic consideration and decisions on SDR allocations or cancellations in the context of consecutive basic periods of normally five years of duration (Article XVIII, Section 2(a)). Pursuant to Article XVIII, Section 4(c)(i), the Managing Director must make a proposal to the Board of Governors no later than six months before the end of each basic period regarding a general allocation or cancellation in the next basic period. The Eleventh Basic Period for a general allocation or cancellation of SDRs began on January 1, 2017 and is scheduled to end on December 31, 2021. The Twelfth Basic Period will commence on January 1, 2022. 
538 |a Mode of access: Internet 
650 7 |a Monetary Policy  |2 imf 
650 7 |a Political Economy  |2 imf 
830 0 |a Policy Papers; Policy Paper ;  |v No. 2021/051 
856 4 0 |z Full text available on IMF  |u http://elibrary.imf.org/view/journals/007/2021/051/007.2021.issue-051-en.xml  |z IMF e-Library